Marvel Actors Quiz - Statistics

General Stats
  • This quiz has been taken 42 times
    31 since last reset
  • The average score is 24 of 29
Answer Stats
Actor Character % Correct
Chris Evans Captain America
100%
Robert Downey Jr. Iron Man
100%
Tom Holland Spider-Man
100%
Chris Hemsworth Thor
100%
Brie Larson Captain Marvel
97%
Tom Hiddleston Loki
97%
Chadwick Aaron Boseman Black Panther
93%
Scarlet Johannson Black Widow
93%
Benedict Cumberbatch Doctor Strange
93%
Vin Diesel Groot
93%
Jeremy Renner Hawkeye
93%
Mark Ruffalo Hulk
93%
Samuel L. Jackson Nick Fury
93%
Chris Pratt Star-Lord
90%
Sebastian Stan Bucky
86%
Ryan Reynolds Deadpool
86%
Benedict Wong Wong
79%
Zoe Saldana Gamora
76%
Don Cheadle War Machine
76%
Dave Baustita Drax
72%
Bradley Cooper Rocket Raccoon
72%
Hugh Jackman Wolverine
72%
Pom Klementieff Mantis
66%
Josh Brolin Thanos
66%
Michael B. Jordan Eric Killmonger
62%
Idris Elba Heimdall
62%
Cate Blanchett Hela
59%
James Spader Ultron
59%
Jeff Goldblum The Grandmaster
52%
No matching quizzes found
Score Distribution
Percent of People with Each Score
Percentile by Number Answered
Your Score History
You have not taken this quiz since the last reset